1336 1698 1629 1222 1574 1065 1029 1521 1730 1451 1854 1188 1179 1542 1261 1226 1066 1247 1356 1902 1558 1988 1920 1593 1746 1223 1766 1124 1016 1221 1947 1876 1371 1710 1593 1658 1578 1738 1154 1147 1374 1500 1782 1085 1290 1076 1754 1250 1074 1853 1571 1818 1155 1647 1887 1210 1164 1401 1333 1744 1793 1861 1772 1672 1071 1514 1034 1792 1888 1500 1232 1035 1420 1342 1923 1377 1907 1262 1349 1525 1459 1063 1372 1684 1294 1034 1894 1924 1505 1067 1352 1142 1683 1937 1338 1453 1501 1290 1372 BCNSPRNW ULIB Ver.6.0+V

เปลี่ยนเป็นภาษาไทย

Change to English
 แสดงรายละเอียดบรรณานุกรม
  กลับหน้าหลัก

Brief Record : Get Marc (ISO 2709) : E-mail record : QR code < ปิดหน้าต่าง
LEADER : 00000nam 2200000uu 4500
001    13399125124
003     ULIB
008    160930s2553||||th 000 0 tha d
020    ^a9786167390062
090    ^aนว.^bท513ท
100    ^aเทียนธีรา
245    ^aทาสรักจำเลยใจ /^cเทียนธีรา
260    ^aกรุงเทพฯ :^bสำนักพิมพ์ ทัช,^c2553
300    ^a320 หน้า
945    ^p210^l0^i001359
999    ^aณรีรัตน์ วารุกา
รายการนี้ยังไม่มีแท็ก
คุณยังไม่ได้ล็อกอิน คุณสามารถมีกิจกรรมร่วมกับเว็บไซต์ได้ แต่ต้องล็อกอินก่อน ::
  ล็อกอิน

รายการสื่อสารสนเทศ

ลำดับที่ ประเภท เลขเรียก/บาร์โค้ด สถานที่ สถานะ
1. นวนิยาย
นวนิยาย
นว. ท513ท ฉ.1 
  Barcode: 001359
ห้องสมุดวิทยาเขตนครสวรรค์
►นวนิยาย:l:Fiction
บนชั้น

BibComment


ยังไม่เคยถูกคอมเมนท์

คอมเมนท์ทรัพยากรรายการนี้
  คอมเมนท์: ทาสรักจำเลยใจ ..


 Copyright 2026. Bcnsprnw @Library